000 00287nam a2200133Ia 4500
100 _aTawade.P.P/ Palan/ N.G.
250 _a3
942 _cBK
654 _adigital
245 _aDigital Electronics
260 _bTechnova
_aPune
_c1997
082 _a621.395
_bTAW/PAL
546 _aENGLISH
999 _c18387
_d18387